[Event "Lugano New op 6th"]
[Site "Lugano"]
[Date "2012.04.06"]
[Round "1"]
[White "Cicilano, Michele"]
[Black "Borgo, Giulio"]
[Result "0-1"]
[WhiteElo "1894"]
[BlackElo "2397"]
[PlyCount "70"]
[EventDate "2012.04.06"]
[EventType "swiss"]
[EventRounds "6"]
[EventCountry "SUI"]
[SourceTitle "CBM 148 Extra"]
[Source "ChessBase"]
[SourceDate "2012.06.22"]
[SourceVersion "1"]
[SourceVersionDate "2012.06.22"]
[SourceQuality "1"]

1. e4 d5 2. exd5 Qxd5 3. Nc3 Qa5 4. Nf3 Nf6 5. d4 Bf5 6. Bd3 e6 7. Bxf5 Qxf5 8. Nh4 Qa5 9. Bd2 Bb4 10. 0-0 Nc6 11. a3 Bxc3 12. Bxc3 Qd5 13. Nf3 0-0-0 14. Ne5 Nxe5 15. dxe5 Qc4 16. Qf3 Nd5 17. Rad1 Rd7 18. Rd4 Qc6 19. Rfd1 Rhd8 20. g3 Nxc3 21. Qxc3 Rxd4 22. Rxd4 Qxc3 23. bxc3 Rxd4 24. cxd4 c5 25. Kf1 cxd4 26. Ke2 Kc7 27. Kd3 Kc6 28. Kxd4 Kb5 29. Kc3 g5 30. f4 gxf4 31. gxf4 Kc5 32. Kd3 b5 33. c3 Kd5 34. h3 h6 35. h4 h5 0-1